| 000 | 00523 a2200169 4500 | ||
|---|---|---|---|
| 003 | OSt | ||
| 005 | 20230921105650.0 | ||
| 008 | 230921b |||||||| |||| 00| 0 eng d | ||
| 020 | _a9789394262461 | ||
| 040 | _coclc | ||
| 082 |
_a200.95 _bWEL/R |
||
| 245 |
_aReligious festivals in South India and Srilanka / _cEdited by Guy R Welbon, Glenn E Yocum. |
||
| 260 |
_aNew Delhi: _bManohar, _c2023. |
||
| 300 | _a341 p | ||
| 700 |
_aWelbon, Guy R _99547 |
||
| 942 |
_2ddc _cBK _h200.95 _iWEL/R _k200.95 _mWEL/R |
||
| 999 |
_c42247 _d42247 |
||